Rooney England goals Quiz Stats

 Plays Quiz not verified by Sporcle

Score 0/41 Timer 07:00
0 Plays Today
Hint Answer % Correct
FriendlyFrance
91.3%
FriendlyScotland
90.5%
Euro 2004Croatia
81%
World Cup 2010 QualifierCroatia
81%
World Cup 2010 QualifierCroatia
81%
FriendlyIceland
80.2%
Euro 2016Iceland
80.2%
FriendlyBrazil
79.4%
FriendlyArgentina
76.2%
Euro 2008 QualifierRussia
73%
Euro 2004Switzerland
70.6%
Euro 2012 QualifierSwitzerland
70.6%
Euro 2016 QualifierSwitzerland
70.6%
World Cup 2014 QualifierSan Marino
69.8%
World Cup 2014 Qualifier San Marino
69.8%
Euro 2016 QualifierSan Marino
69.8%
Euro 2016 QualifierSan Marino
69.8%
FriendlyDenmark
68.3%
FriendlyDenmark
68.3%
FriendlySlovakia
68.3%
World Cup 2014 QualifierPoland
68.3%
Hint Answer % Correct
World Cup 2014 QualifierPoland
68.3%
Euro 2016 QualifierSlovenia
67.5%
Euro 2016 QualifierSlovenia
67.5%
FriendlyAustralia
67.5%
World Cup 2014Uruguay
65.1%
FriendlyNorway
65.1%
Euro 2012Ukraine
60.3%
FriendlyNetherlands
57.9%
World Cup 2010 QualifierAndorra
57.1%
Euro 2008 QualifierEstonia
52.4%
Euro 2016 QualifierEstonia
52.4%
Euro 2016 QualifierLithuania
52.4%
Euro 2004 Qualifier Macedonia
50.8%
Euro 2012 QualifierBulgaria
47.6%
World Cup 2014 QualifierMontenegro
47.6%
World Cup 2010 QualifierBelarus
46.8%
World Cup 2010 QualifierKazakhstan
35.7%
World Cup 2010 QualifierKazakhstan
35.7%
FriendlyEcuador
35.7%
Euro 2004 Qualifier Liechtenstein
30.2%

You're not logged in!

Compare scores with friends on all Sporcle quizzes.
OR
Log In

Sporcle TV

Today on Sporcle TV


Watch our educational content, quiz creation guides, and fun videos on Sporcle TV.

Show Comments

Extras

Created Aug 23, 2017ReportNominate
Tags:Premier League Quiz, England

Top Quizzes Today


Score Distribution

Your Account Isn't Verified!

In order to create a playlist on Sporcle, you need to verify the email address you used during registration. Go to your Sporcle Settings to finish the process.

Report this User

Report this user for behavior that violates our Community Guidelines.

Details: